[Event "Tal Memorial 8th"]
[Site "Moscow"]
[Date "2013.06.18"]
[Round "5"]
[White "Carlsen, Magnus"]
[Black "Anand, Viswanathan"]
[Result "1-0"]
[WhiteElo "2864"]
[BlackElo "2786"]
[Annotator "Krasenkow,M"]
[PlyCount "57"]
[EventDate "2013.06.13"]
[EventType "tourn"]
[EventRounds "9"]
[EventCountry "RUS"]
[EventCategory "22"]
[SourceTitle "CBM 155"]
[Source "ChessBase"]
[SourceDate "2013.07.16"]

1. d4 Nf6 2. c4 e6 3. Nc3 Bb4 4. e3 O-O 5. Nge2 d5 6. a3 Be7 7. cxd5 Nxd5 8.
Bd2 Nd7 9. g3 b6 {Alternatives seen in practice:} (9... N7f6) (9... N5f6) (9...
N5b6) (9... Nxc3) 10. Nxd5 exd5 11. Bg2 Bb7 {[%csl Rb7] The bishop will be
passive here.} (11... Nf6 12. O-O Bf5 {This is a better square for the bishop.}
(12... Bb7 13. Bb4 {was probably the best of all} (13. Qc2 Bd6 (13... a5 $5)
14. Bb4 a5 15. Bxd6 Qxd6 16. Rac1 c6 17. Rfd1 Rac8 18. Nc3 g6 {1/2 (25)
Bischoff,K (2561)-Tischbierek,R (2507) Austria 2004} 19. Qb3 $14) (13. Rc1 Qd7
(13... a5 {again was appropriate}) 14. Qc2 Bd6 15. Bb4 Bxb4 16. axb4 c6 17. Nf4
a6 18. Qc3 Qd6 19. f3 Rfe8 20. Rfe1 Rad8 21. Rcd1 Nd7 22. e4 $14 {0-1 (44)
Janssen,R (2484)-Tiviakov,S (2601) Dieren 2004})) (12... Ne4 13. Rc1 Bb7 (13...
Bf5 $5) 14. Qc2 Rc8 15. Rfd1 Bd6 16. Bb4 $5 Qf6 17. Nc3 Nxc3 18. Qxc3 c6 19.
Bxd6 Qxd6 20. b4 Rc7 21. a4 Bc8 22. a5 Ba6 23. Ra1 $14 {1-0 (38) Ponomariov,R 
(2734)-Kramnik,V (2807) Wijk aan Zee 2003 CBM 093 (Ftacnik,L)}) 13. Bb4 (13.
Nf4 Qd7 14. Qb3 Rfd8 15. Rac1 Rac8 16. Rfd1 a5 17. Be1 a4 18. Qc3 c6 19. Qd2
Bd6 20. Qe2 Bxf4 21. exf4 Bh3 $11 {1/2 (26) Grigoriants,S (2594)-Wells,P (2499)
Dresden 2007}) 13... a5 14. Bxe7 Qxe7 15. Rc1 h6 16. Nc3 Qd7 17. Re1 Rfe8 18.
Qb3 Rad8 19. Qb5 Qd6 20. Qb3 Qd7 21. Qb5 Qd6 22. Qe2 Qd7 23. Qb5 {1/2 (23)
Martinovic,S (2515)-Papp,G (2534) Chur 2010}) 12. Bb4 $1 {White decides to get
rid of his passive bishop at once, not giving Black a chance to prevent this
exchange by means of ...a7-a5.} (12. O-O Re8 (12... a5 $5 13. Qc2 Nf6) 13. Qc2
Bd6 14. Rac1 Qe7 15. Nc3 Nf6 16. Nb5 c6 17. Nxd6 Qxd6 18. f3 Nd7 19. Rfe1 c5
20. Bc3 $14 {1-0 (45) Milov,V (2632)-Cheparinov,I (2550) Dos Hermanas 2004 CBM
099 ext (Milov,V)}) 12... Nf6 (12... c5 13. dxc5 bxc5 14. Bc3 Nf6 15. O-O {
[%cal Yb2b4]} Ne4 16. Nf4 $5 $14) 13. O-O Re8 14. Rc1 c6 (14... Bxb4 $5 15.
axb4 c6 {makes sense after White has removed his rook from a1}) 15. Bxe7 Rxe7
16. Re1 Qd6 17. Nf4 $14 Bc8 $6 {This idea to improve the position of the
bishop simply doesn't work. Alas, Black shouls defend passively, e.g.} (17...
Rc7) 18. Qa4 Rc7 {It was probably better for Black to admit his mistake and
play} (18... Bb7) 19. f3 $1 Be6 20. e4 dxe4 $6 ({The position after} 20... Qd7
21. Nxe6 Qxe6 22. e5 Ne8 23. f4 {[%csl Ge5,Gf4] is difficult for Black,
according to GM A.Korotylev, but the text move is even worse.}) 21. fxe4 Qd7 (
21... b5 22. Qd1 Qd7 23. e5 Nd5 24. Nd3 $16 {[%cal Yd3c5] A.Korotylev}) 22. d5
$1 cxd5 23. Qxd7 Rxd7 24. Nxe6 $1 fxe6 25. Bh3 $1 Kh8 26. e5 Ng8 27. Bxe6 Rdd8
({After} 27... Re7 28. Bxd5 Rd8 {White should convert his extra pawn but it
was more stubborn than allowing White's rook to invade the 7th rank.}) 28. Rc7
d4 29. Bd7 $1 {Black decided that further resistance was senseless.} ({In the
event of} 29. Bd7 Ne7 30. Rd1 Nd5 31. Rb7 Rdb8 32. Rxb8+ Rxb8 33. Rxd4 Ne7 34.
Bb5 {White wins a pawn, and his rook again breaks to the 7nd rank.}) 1-0

[Event "Tal Memorial 8th"]
[Site "Moscow"]
[Date "2013.06.15"]
[Round "3"]
[White "Carlsen, Magnus"]
[Black "Caruana, Fabiano"]
[Result "0-1"]
[WhiteElo "2864"]
[BlackElo "2774"]
[PlyCount "124"]
[EventDate "2013.06.13"]
[EventType "tourn"]
[EventRounds "9"]
[EventCountry "RUS"]
[EventCategory "22"]
[SourceTitle "CBM 155"]
[Source "ChessBase"]
[SourceDate "2013.07.16"]

1. Nf3 Nf6 2. g3 d5 3. Bg2 c6 4. O-O Bg4 5. c4 e6 6. cxd5 Bxf3 7. Bxf3 cxd5 8.
Nc3 Nc6 9. d4 Be7 10. e3 O-O 11. b3 Qa5 12. Bb2 Ba3 13. Qc1 Bxb2 14. Qxb2 Rfc8
15. Rac1 Ne7 16. Na4 Nd7 17. Nc5 Nxc5 18. dxc5 Rxc5 19. b4 Rb5 20. a3 Qd8 21.
e4 a5 22. exd5 Nxd5 23. Rc5 Qb6 24. Rxb5 Qxb5 25. Bxd5 exd5 26. Rc1 Re8 27. Qd4
axb4 28. axb4 h6 29. Kg2 b6 30. Rd1 Re4 31. Qxd5 Qxd5 32. Rxd5 Rxb4 33. h4 Kf8
34. Rd7 Re4 35. Rb7 Re6 36. g4 g5 37. f4 gxf4 38. Kf3 Rf6 39. g5 Rc6 40. Kxf4
h5 41. Kf5 Kg7 42. Rb8 Rc5+ 43. Kf4 Rb5 44. Ke4 Rb1 45. Kf5 Rb2 46. Kf4 Rb4+
47. Ke5 Kg6 48. Rg8+ Kh7 49. Rf8 Rxh4 50. Rxf7+ Kg6 51. Rf6+ Kxg5 52. Rxb6 Ra4
53. Rb8 Kg4 54. Rg8+ Kf3 55. Rf8+ Kg3 56. Rg8+ Kh2 57. Kf5 h4 58. Rb8 h3 59.
Kg5 Re4 60. Kf5 Re2 61. Rg8 Rg2 62. Rd8 Rf2+ 0-1

[Event "Tal Memorial 8th"]
[Site "Moscow"]
[Date "2013.06.14"]
[Round "2"]
[White "Karjakin, Sergey"]
[Black "Carlsen, Magnus"]
[Result "1/2-1/2"]
[WhiteElo "2782"]
[BlackElo "2864"]
[PlyCount "75"]
[EventDate "2013.06.13"]
[EventType "tourn"]
[EventRounds "9"]
[EventCountry "RUS"]
[EventCategory "22"]
[SourceTitle "CBM 155"]
[Source "ChessBase"]
[SourceDate "2013.07.16"]

1. e4 e5 2. Nf3 Nc6 3. Bb5 Nf6 4. O-O Nxe4 5. Re1 Nd6 6. Nxe5 Be7 7. Bf1 Nxe5
8. Rxe5 O-O 9. d4 Ne8 10. d5 Bc5 11. Re1 d6 12. Nc3 Bf5 13. Bd3 Bxd3 14. Qxd3
Nf6 15. Na4 Re8 16. Bd2 Rxe1+ 17. Rxe1 Qd7 18. Nxc5 dxc5 19. c4 Re8 20. f3
Rxe1+ 21. Bxe1 b6 22. g4 Ne8 23. Bg3 Nd6 24. b3 a5 25. Kf2 a4 26. Qe3 Kf8 27.
h4 axb3 28. axb3 Qe7 29. Qc3 f6 30. h5 Kf7 31. Bf4 g6 32. Qa1 Ke8 33. h6 Kf7
34. Bg3 Ke8 35. Bh4 Kf7 36. Bg3 Ke8 37. Bh4 Kf7 38. Bg3 1/2-1/2

[Event "Moscow Tal Memorial 8th Blitz"]
[Site "Moscow"]
[Date "2013.06.12"]
[Round "6"]
[White "Carlsen, Magnus"]
[Black "Karjakin, Sergey"]
[Result "1-0"]
[WhiteElo "2864"]
[BlackElo "2782"]
[PlyCount "86"]
[EventDate "2013.06.12"]
[EventType "tourn (blitz)"]
[EventRounds "9"]
[EventCountry "RUS"]
[EventCategory "22"]
[SourceTitle "CBM 154 Extra"]
[Source "ChessBase"]
[SourceDate "2013.06.25"]

1. d4 d5 2. c4 c6 3. Nf3 Nf6 4. e3 a6 5. Bd3 Bg4 6. b3 e6 7. Nbd2 Nbd7 8. Bb2
Bd6 9. Qc2 Qb8 10. h3 Bh5 11. Nh4 Bg3 12. Ndf3 Bd6 13. g4 Bg6 14. Nxg6 hxg6 15.
O-O-O Qd8 16. Ng5 Qe7 17. f4 Ba3 18. Bxa3 Qxa3+ 19. Kb1 Qe7 20. c5 a5 21. Rhe1
Nh7 22. Nf3 Nhf6 23. g5 Nh5 24. Rg1 Rb8 25. Qd2 Qd8 26. Rc1 b6 27. cxb6 Qxb6
28. Ka1 O-O 29. Qc2 a4 30. Qxc6 axb3 31. Qxb6 Rxb6 32. Rc7 Nb8 33. Rb1 Nc6 34.
Rxb3 Rxb3 35. axb3 Nb4 36. Bb1 Ng3 37. Kb2 Nf1 38. Rc3 Ra8 39. h4 Kf8 40. Ne5
Ra7 41. Rc8+ Ke7 42. Rb8 Na6 43. Rg8 Nb4 1-0

[Event "Moscow Tal Memorial 8th Blitz"]
[Site "Moscow"]
[Date "2013.06.12"]
[Round "7"]
[White "Morozevich, Alexander"]
[Black "Carlsen, Magnus"]
[Result "1-0"]
[WhiteElo "2760"]
[BlackElo "2864"]
[PlyCount "70"]
[EventDate "2013.06.12"]
[EventType "tourn (blitz)"]
[EventRounds "9"]
[EventCountry "RUS"]
[EventCategory "22"]
[SourceTitle "CBM 154 Extra"]
[Source "ChessBase"]
[SourceDate "2013.06.25"]

1. e4 c5 2. Nf3 Nc6 3. d4 cxd4 4. Nxd4 g6 5. Nc3 Bg7 6. Be3 Nf6 7. Bc4 Qa5 8.
O-O O-O 9. Bb3 d6 10. h3 Bd7 11. f4 Nxd4 12. Bxd4 Bc6 13. Qd3 Nd7 14. Bxg7 Kxg7
15. Nd5 Qc5+ 16. Kh1 e6 17. Nc3 Nf6 18. Rad1 Rad8 19. f5 Qe5 20. Rde1 b5 21.
Nd5 Nh5 22. Re3 a5 23. f6+ Kh8 24. a3 Qxb2 25. Ne7 Ba8 26. Qxb5 Nxf6 27. Qg5
Nxe4 28. Qh4 Qe5 29. Rxf7 Qa1+ 30. Kh2 Qe5+ 31. Kh1 Qa1+ 32. Kh2 Qe5+ 33. Kh1
Qa1+ 34. Re1 Qxe1+ 35. Qxe1 Rxf7 1-0

[Event "Moscow Tal Memorial 8th Blitz"]
[Site "Moscow"]
[Date "2013.06.12"]
[Round "3"]
[White "Anand, Viswanathan"]
[Black "Carlsen, Magnus"]
[Result "1/2-1/2"]
[WhiteElo "2786"]
[BlackElo "2864"]
[PlyCount "77"]
[EventDate "2013.06.12"]
[EventType "tourn (blitz)"]
[EventRounds "9"]
[EventCountry "RUS"]
[EventCategory "22"]
[SourceTitle "CBM 154 Extra"]
[Source "ChessBase"]
[SourceDate "2013.06.25"]

1. e4 e5 2. Nf3 Nc6 3. Bb5 Nf6 4. d3 d6 5. O-O Be7 6. c3 O-O 7. Re1 a6 8. Ba4
Re8 9. Nbd2 Bf8 10. Nf1 b5 11. Bb3 Na5 12. Bc2 c5 13. Bg5 h6 14. Bxf6 Qxf6 15.
Ne3 Be6 16. Nd2 g6 17. a4 h5 18. axb5 axb5 19. Qe2 Bh6 20. Ra3 Bxe3 21. Qxe3 b4
22. Ra4 Nc6 23. Rea1 Rab8 24. Ra6 Rec8 25. Ba4 Nd8 26. Qe1 Qe7 27. Nf1 Ra8 28.
Bb5 Rxa6 29. Bxa6 Ra8 30. Ne3 bxc3 31. bxc3 Qa7 32. Ra4 Qb6 33. Qa1 Nc6 34. h3
Ne7 35. Bc4 Rxa4 36. Qxa4 Bxc4 37. Qxc4 Kg7 38. g3 Ng8 39. Nd5 1/2-1/2

[Event "Moscow Tal Memorial 8th Blitz"]
[Site "Moscow"]
[Date "2013.06.12"]
[Round "8"]
[White "Carlsen, Magnus"]
[Black "Gelfand, Boris"]
[Result "1/2-1/2"]
[WhiteElo "2864"]
[BlackElo "2755"]
[PlyCount "96"]
[EventDate "2013.06.12"]
[EventType "tourn (blitz)"]
[EventRounds "9"]
[EventCountry "RUS"]
[EventCategory "22"]
[SourceTitle "CBM 154 Extra"]
[Source "ChessBase"]
[SourceDate "2013.06.25"]

1. e4 c5 2. Nf3 d6 3. d4 cxd4 4. Nxd4 Nf6 5. Nc3 a6 6. a4 e5 7. Nf3 Be7 8. Bc4
O-O 9. O-O Be6 10. Bxe6 fxe6 11. a5 Nc6 12. Be3 Qd7 13. Re1 Rae8 14. Bb6 Bd8
15. Na4 Nxa5 16. Nc5 dxc5 17. Qxd7 Nxd7 18. Bxa5 Bxa5 19. Rxa5 Rc8 20. Kf1 h6
21. Rd1 Rc7 22. Rd6 Re8 23. Ra1 Kf8 24. h4 Ke7 25. Rad1 Rf8 26. R6d2 Rf4 27.
Re1 c4 28. Re3 Rf8 29. h5 Rfc8 30. c3 b5 31. Nh4 Nf8 32. Rg3 Kf7 33. Ng6 Nxg6
34. Rxg6 a5 35. Rd6 Re7 36. Rb6 Rc5 37. Ke2 a4 38. f3 Rcc7 39. Kd2 Ra7 40. Rxb5
Reb7 41. Rxb7+ Rxb7 42. Kc2 Ra7 43. g4 a3 44. bxa3 Rxa3 45. g5 hxg5 46. Rxg5
Kf6 47. Rg6+ Kf7 48. Rg5 Kf6 1/2-1/2

[Event "Moscow Tal Memorial 8th Blitz"]
[Site "Moscow"]
[Date "2013.06.12"]
[Round "5"]
[White "Caruana, Fabiano"]
[Black "Carlsen, Magnus"]
[Result "0-1"]
[WhiteElo "2774"]
[BlackElo "2864"]
[PlyCount "86"]
[EventDate "2013.06.12"]
[EventType "tourn (blitz)"]
[EventRounds "9"]
[EventCountry "RUS"]
[EventCategory "22"]
[SourceTitle "CBM 154 Extra"]
[Source "ChessBase"]
[SourceDate "2013.06.25"]

1. e4 c5 2. Nf3 Nc6 3. Bb5 Nf6 4. Nc3 e5 5. O-O d6 6. d3 Be7 7. Bg5 O-O 8. Bxf6
Bxf6 9. Nd5 Be6 10. Bc4 g6 11. c3 Bg7 12. a3 Kh8 13. b4 f5 14. Rb1 b6 15. Ne3
Bd7 16. Bd5 Rc8 17. Qb3 f4 18. Nc4 Qe7 19. Nfd2 g5 20. f3 g4 21. fxg4 Bxg4 22.
Nf3 Bf6 23. Rb2 Nd8 24. a4 Ne6 25. a5 b5 26. Ncd2 a6 27. h3 Bxf3 28. Nxf3 Ng5
29. c4 Nxf3+ 30. Rxf3 cxb4 31. Qxb4 Rc5 32. Qa3 Bh4 33. Rb1 Qc7 34. cxb5 Rc2
35. bxa6 Rf6 36. Qb4 Qg7 37. Qb8+ Rf8 38. Qxf8+ Qxf8 39. a7 Rc8 40. d4 Qg7 41.
Rb7 Rc1+ 42. Rf1 Bf2+ 43. Kxf2 Rc2+ 0-1

[Event "Moscow Tal Memorial 8th Blitz"]
[Site "Moscow"]
[Date "2013.06.12"]
[Round "2"]
[White "Carlsen, Magnus"]
[Black "Kramnik, Vladimir"]
[Result "1/2-1/2"]
[WhiteElo "2864"]
[BlackElo "2803"]
[PlyCount "125"]
[EventDate "2013.06.12"]
[EventType "tourn (blitz)"]
[EventRounds "9"]
[EventCountry "RUS"]
[EventCategory "22"]
[SourceTitle "CBM 154 Extra"]
[Source "ChessBase"]
[SourceDate "2013.06.25"]

1. e4 e5 2. Nf3 Nc6 3. Bb5 Nf6 4. d3 d6 5. O-O g6 6. c3 Bg7 7. Re1 O-O 8. Bg5
h6 9. Bh4 Qe8 10. Nbd2 Nh5 11. d4 Bd7 12. dxe5 Nxe5 13. Bxd7 Qxd7 14. Nxe5 Bxe5
15. Nf3 Rae8 16. Nxe5 Rxe5 17. f3 Rfe8 18. Qd2 g5 19. Bf2 Nf4 20. Bg3 d5 21.
Rad1 Qc6 22. Bxf4 gxf4 23. Qxf4 dxe4 24. Re3 Qb6 25. Kh1 Qxb2 26. fxe4 Rg5 27.
Rg3 Qb5 28. h4 Rxg3 29. Qxg3+ Kf8 30. Qf4 Qc6 31. Rd5 Qxc3 32. Qxh6+ Qg7 33.
Qf4 f6 34. e5 Qf7 35. Qh6+ Qg7 36. Qxf6+ Qxf6 37. exf6 Re6 38. Rd7 Rxf6 39.
Rxc7 Rf4 40. g3 Ra4 41. Rxb7 Rxa2 42. Kg1 a5 43. Ra7 Kg8 44. h5 Kh8 45. Kf1 Kg8
46. h6 Ra4 47. Kg2 Rg4 48. Rxa5 Rg6 49. Rh5 Kh7 50. Kh3 Rf6 51. Kh4 Rg6 52. g4
Ra6 53. g5 Ra4+ 54. Kg3 Ra8 55. Rh4 Kg6 56. Rg4 Ra3+ 57. Kh4 Ra6 58. Re4 Rb6
59. Kg4 Ra6 60. Kf4 Rb6 61. Re7 Rb4+ 62. Ke5 Rb5+ 63. Ke4 1/2-1/2

[Event "Moscow Tal Memorial 8th Blitz"]
[Site "Moscow"]
[Date "2013.06.12"]
[Round "1"]
[White "Carlsen, Magnus"]
[Black "Andreikin, Dmitry"]
[Result "1/2-1/2"]
[WhiteElo "2864"]
[BlackElo "2713"]
[PlyCount "112"]
[EventDate "2013.06.12"]
[EventType "tourn (blitz)"]
[EventRounds "9"]
[EventCountry "RUS"]
[EventCategory "22"]
[SourceTitle "CBM 154 Extra"]
[Source "ChessBase"]
[SourceDate "2013.06.25"]

1. d4 Nf6 2. Nf3 e6 3. c4 b6 4. g3 Bb4+ 5. Bd2 Bxd2+ 6. Qxd2 Ba6 7. b3 c6 8.
Bg2 d5 9. Qc2 O-O 10. Nbd2 Nbd7 11. e4 c5 12. O-O cxd4 13. exd5 d3 14. Qxd3
exd5 15. Rfe1 Rc8 16. Nd4 Qc7 17. Rac1 dxc4 18. Nxc4 Ne5 19. Qb1 Bxc4 20. bxc4
Rfd8 21. Rcd1 Nxc4 22. Nc6 Rxd1 23. Qxd1 Re8 24. Rxe8+ Nxe8 25. Qe2 Ncd6 26.
Qa6 Kf8 27. Qxa7 Qxa7 28. Nxa7 Ke7 29. Bd5 Nc7 30. Nc6+ Kd7 31. Ne5+ Ke7 32.
Bb3 f6 33. Nc6+ Kd7 34. Nd4 Ne4 35. Bc2 Nc3 36. Bxh7 Nxa2 37. h4 Ke7 38. Bc2
Nc3 39. Kg2 b5 40. Kf3 Kf8 41. Bb3 Nb1 42. Kf4 Na3 43. Kf5 Nc4 44. Kg6 Ne5+ 45.
Kh7 Nd3 46. f4 Nc5 47. Bc2 b4 48. h5 N7e6 49. Nxe6+ Nxe6 50. Kg6 Nd4 51. Bd3 b3
52. h6 gxh6 53. Kxf6 b2 54. f5 h5 55. Kg5 Ne2 56. Kxh5 Nxg3+ 1/2-1/2

[Event "Norway Chess 1st"]
[Site "Stavanger"]
[Date "2013.05.18"]
[Round "9"]
[White "Aronian, Levon"]
[Black "Carlsen, Magnus"]
[Result "1/2-1/2"]
[WhiteElo "2813"]
[BlackElo "2868"]
[Annotator "Krasenkow,M"]
[PlyCount "60"]
[EventDate "2013.05.08"]
[EventType "tourn"]
[EventRounds "9"]
[EventCountry "NOR"]
[EventCategory "21"]
[SourceTitle "CBM 155"]
[Source "ChessBase"]
[SourceDate "2013.07.16"]

1. d4 Nf6 2. c4 e6 3. Nf3 d5 4. Nc3 Nbd7 5. Bg5 Be7 6. e3 O-O 7. Rc1 a6 8. Qc2
{This move is hardly dangerous for Black, as well as} (8. cxd5) (8. c5 {
is crucial.}) 8... dxc4 {I don't like this move allowing White's bishop to
come to c4 at once. Other popular options:} (8... h6) (8... c6) (8... Re8) 9.
Bxc4 c5 {The most accurate move order.} (9... b5 10. Bd3 Bb7 (10... c5 11. Bxf6
Nxf6 12. Ne4 $1 Qa5+ 13. Ke2 Bb7 14. Nxf6+ Bxf6 {1/2 (24) Lisanti,A (2330)
-Zude,A (2465) Bruchkoebel 1993} 15. dxc5 $14) 11. Bxf6 $5 Nxf6 12. Ne4 Nxe4
13. Bxe4 Bxe4 14. Qxe4 c5 15. dxc5 Qa5+ 16. b4 Qxa2 17. O-O a5 {0-1 (25)
Boudiba,M (2373)-Triger,F (2196) Noisy le Grand 2003} 18. Ra1 $1 Qc4 19. Qxc4
bxc4 20. Rxa5 Rxa5 21. bxa5 Bxc5 22. Ra1 c3 23. Kf1 $14 {K}) 10. Be2 (10. a4
cxd4 11. exd4 h6 12. Bd2 Nb6 13. Ba2 Bd7 14. O-O Rc8 $36 {0-1 (44) Tartakower,
S-Kmoch,H Vienna 1928}) (10. O-O b5 11. Bd3 (11. Be2 cxd4 $1 12. Nxd4 Bb7 $11)
11... cxd4 (11... c4 $5 12. Be2 Bb7 13. a3 h6 14. Bh4 Rc8 15. e4 Nh5 16. Bxe7
Qxe7 17. Qd2 Rfd8 18. Qe3 Nhf6 $11 {1/2 (57) Schmidt,W (2505)-Ardiansyah,H 
(2330) Dubai 1986}) 12. Nxd4 Bb7 13. Rfd1 h6 14. Bxf6 Bxf6 15. Be4 Bxe4 16.
Nxe4 Bxd4 17. Rxd4 Rc8 18. Qxc8 {1/2 (18) Parmentier,X (2348)-Roos,J (2307)
Germany 2003}) (10. dxc5 {is the most principled continuation:} Nxc5 11. O-O b5
12. Rfd1 (12. Be2 Bb7 (12... b4 13. Na4 Nxa4 14. Qxa4 Bd7 15. Qc2 h6 16. Bh4
Rc8 17. Qd2 a5 18. Qd4 Nd5 19. Bxe7 Qxe7 20. Ne5 $14 {1-0 (43) Piket,J (2540)
-Hjartarson,J (2555) Tilburg 1989}) 13. Rfd1 Qa5 $1 (13... Qb6 14. Bxf6 Bxf6
15. b4 $16 {1-0 (23) Piket,J (2500)-Ioseliani,N (2480) Spijkenisse 1989}) 14.
a3 Rac8 $1 15. Nd2 (15. b4 Qxa3 16. bxc5 Rxc5 {[%cal Rb7f3,Rb5b4]}) 15... Na4
$15 {1/2 (30) Yanvarjov,I (2425)-Ubilava,E (2525) Villalba 1995}) 12... Qe8 $1
(12... Qb6 13. Be2 Bb7 $140 14. Bxf6 Bxf6 15. b4) 13. Be2 Bb7 14. Bxf6 Bxf6 15.
Nxb5 axb5 16. Qxc5 Rxa2 17. Bxb5 Qa8 18. Bc6 Bxc6 19. Qxc6 {1/2 (19) Panelo
Munoz,M (2418)-Gonzalez Garcia,J (2503) Barcelona 2006}) 10... b5 11. a4 b4 12.
Ne4 cxd4 $1 $146 {A minor improvement on the previous game. Pay attention to
the fact that in this structure it is generally better for Black to trade the
central pawns himself (...c5xd4) than to wait for White's d4xc5. Of course,
Black should make sure that the invasion of White's knight (Nd4-c6) will not
be dangerous:} (12... Bb7 13. Bxf6 gxf6 14. Nxc5 Nxc5 15. dxc5 Rc8 16. Qb3 Rxc5
17. O-O Qb6 18. Rc4 Rxc4 19. Qxc4 Rd8 20. Qg4+ Kh8 21. Qh5 Kg8 {1/2 (24)
Tallaksen,G (2402)-Kveinys,A (2540) Oslo 2006 , and now, had White wished, he
could have continued fighting for an edge by means of} 22. Rc1) 13. Nxf6+ (13.
Nxd4 $144 Bb7) 13... Nxf6 14. Nxd4 Bb7 15. Nc6 {White decided to simplify the
game.} (15. Bf3 $6 Rc8 16. Qb1 Rxc1+ 17. Qxc1 Bxf3 18. Nxf3 Qd3 {K.Landa}) (15.
O-O Rc8 16. Qb3 Qa5 17. Bf3 Bxf3 18. Nxf3 h6 19. Bxf6 Bxf6 20. Rfd1 (20. Nd2
Qd5 21. Nc4 Bc3 $1 {K.Landa}) 20... Rc5 $36) 15... Bxc6 16. Qxc6 Rc8 (16... Qa5
17. Bxf6 Bxf6 18. b3 Bc3+ 19. Kf1 $11 {[%cal Yg2g3,Yf1g2]}) 17. Qxc8 Qxc8 18.
Rxc8 Rxc8 19. O-O a5 (19... Rc2 20. Bxa6 Rxb2 21. Bc4 Rc2 22. Bb3 $11 {K.Landa}
) 20. b3 Kf8 21. Bxf6 Bxf6 22. Rd1 Rc3 23. Bc4 h5 24. Kf1 Ke7 25. Ke2 Be5 26.
h3 h4 27. Rd3 Rc2+ 28. Rd2 Rc3 29. Rd3 Rc2+ 30. Rd2 Rc3 1/2-1/2